00905nam a2200217Ia 4500003000900000008004100009020001800050040001600068080002300084245019900107260003700306300001500343490005100358650004100409650002500450700003000475700003200505942000700537999001500544952012800559IN-BaIIA211028s9999 xx 000 0 eng d a90-277-2752-x cIIA Library a52(082.1)bASS-146 0aRate coefficients in astrochemistrybproceedings of a conference on rate coefficients in astrochemistry, held in Umist, Manchester, UK, 21-24 Sep, 1987cedited by Millar, T. J and Williams, D. A aDordrechtbKluwer Academicc1988 axiv, 364p. aAstrophysics and space science library; v. 146 aAstronomy and astrophysics thesaurus aCosmochemistry91212 aMillar, T. J., ed.915764 aWilliams, D. A., ed.915765 cBK c9352d9352 00104070aBANbBANcGENd0000-00-00g1296.00l0o52(082.1)/ ASS-146p10259r2021-11-05v1296.00w0000-00-00yBKGRs. 1296